Homer /

Bibliographic Details
Main Author: Rouse, W. H. D. (William Henry Denham), 1863-1950
Format: Book
Language:English
Published: [Folcroft, Pa.] : Folcroft Library Editions, 1977.
Subjects:

MARC

Tag First Indicator Second Indicator Subfields
LEADER 00000pam a2200000 i 4500
001 in00000367656
005 20151011074835.0
008 770322r19771939paua b 00110 eng
010 |a  77004736  
020 |a 0841472173 (lib. bdg. :)  |c $20.00 
035 |a (OCoLC)02874210 
035 |9 ABP5619AM 
040 |a DLC  |c DLC  |d TXA  |d UtOrBLW 
049 |a TXAM  |c [1612002] 
050 0 0 |a PA4037  |b .R79 1977 
082 0 |a 883/.01 
100 1 |a Rouse, W. H. D.  |q (William Henry Denham),  |d 1863-1950. 
245 1 0 |a Homer /  |c by W. H. D. Rouse. 
264 1 |a [Folcroft, Pa.] :  |b Folcroft Library Editions,  |c 1977. 
300 |a 168 pages :  |b illustrations ;  |c 22 cm. 
336 |a text  |b txt  |2 rdacontent 
337 |a unmediated  |b n  |2 rdamedia 
338 |a volume  |b nc  |2 rdacarrier 
500 |a Reprint of the 1939 edition published by Nelson, London, which was issued as number 52 in series Discussion books. 
504 |a Includes bibliographical references and index. 
600 0 0 |a Homer  |x Criticism and interpretation. 
999 |a MARS 
999 f f |s dd3e254a-d877-370e-ae81-775de0ae3821  |i 66ba0bde-c588-3c0e-9a2a-45af80331379  |t 0 
952 f f |p normal  |a Texas A&M University  |b College Station  |c Sterling C. Evans Library  |d Evans: Library Stacks  |t 0  |e PA4037 .R79 1977  |h Library of Congress classification  |i unmediated -- volume  |m A14803550289 
998 f f |a PA4037 .R79 1977  |t 0  |l Evans: Library Stacks